LEADER 01743nam 2200385z- 450 001 9910220050603321 005 20210211 035 $a(CKB)3800000000216271 035 $a(oapen)https://directory.doabooks.org/handle/20.500.12854/52564 035 $a(oapen)doab52564 035 $a(EXLCZ)993800000000216271 100 $a20202102d2017 |y 0 101 0 $aeng 135 $aurmn|---annan 181 $ctxt$2rdacontent 182 $cc$2rdamedia 183 $acr$2rdacarrier 200 00$aMagnetic Records of Extreme Geological Events 210 $cFrontiers Media SA$d2017 215 $a1 online resource (86 p.) 225 1 $aFrontiers Research Topics 311 08$a2-88945-170-4 330 $aRecent advances in environmental magnetism offer the opportunity to link the magnetic signature of marine and continental rocks to the paleoenvironmental and paleoclimatic settings that controlled their formation or deposition, as well as to post-depositional events, such as diagenesis, that can alter their primary signature. This Research Topic assembles studies that used state of the art rock magnetic techniques to unravel the causes and effects of catastrophic geological events, including tsunami, meteorite impacts, Archean oxygenation event, geomagnetic reversals, and global climate changes linked to large volcanic eruptions. 610 $aextreme events 610 $aGeology 610 $aGeophysics 610 $apaleomagnetism 610 $arock magnetism 700 $aEric Font$4auth$01311541 702 $aFabio Florindo$4auth 702 $aAlexandra Abrajevitch$4auth 906 $aBOOK 912 $a9910220050603321 996 $aMagnetic Records of Extreme Geological Events$93030402 997 $aUNINA